000 00498cam a2200181ua 4500
001 12225
008 200311n ii |||gr||||Z||||||eng
020 _a9789387494046
040 _cMAIN
082 _a378
100 _aSadananda Payeng,
_eEditor.,
245 _aDynamics of higher education in india
_cEd by Sadananda Payeng and Ranjit Barua
260 _aGuwahati:
_bAssam college teachers.
300 _a184p.
653 _aHigher education
700 _aRanjit Barua,
_eEditor.
942 _cBK
999 _c10985
_d10985